00483nam a2200121Ia 45000010005000000080041000050820019000461000066000652450161001312600027002929010027003199990015003462001241024s9999 xx 000 0 und d aRD/624.1/R426p aRepública Dominicana. Secretaría de Estado de Educación 0aEl proyecto de construcción de escuelas de educación básica en las zonas urbano-marginales en la República Dominicana. Documento de contacto. Planos bYanashita Sekkeic2002 a4/11/2011 3:41:58 p.m. c8042d8042